Principles of sociology (Record no. 416983)

000 -LEADER
fixed length control field 00344cam a22001217a 4500
008 - FIXED-LENGTH DATA ELEMENTS--GENERAL INFORMATION
fixed length control field 180718b1963 xxu||||| |||| 00| 0 eng d
082 ## - DEWEY DECIMAL CLASSIFICATION NUMBER
Classification number B1 Si 64
100 ## - MAIN ENTRY--PERSONAL NAME
Personal name Sinha, Ajit Kumar
245 ## - TITLE STATEMENT
Title Principles of sociology
Statement of responsibility, etc. by Ajit Kumar Sinha
260 ## - PUBLICATION, DISTRIBUTION, ETC.
Place of publication, distribution, etc. Agra
Name of publisher, distributor, etc. Lakshmi Narain Agarwal
Date of publication, distribution, etc. 1963
300 ## - PHYSICAL DESCRIPTION
Extent 293p
650 ## - SUBJECT ADDED ENTRY--TOPICAL TERM
Topical term or geographic name entry element Sociology.Social sciences.
Holdings
Withdrawn status Lost status Damaged status Not for loan Permanent Location Current Location Date acquired Full call number Barcode Date last seen Price effective from Koha item type
        Indian Institute of Public Administration Indian Institute of Public Administration 2009-03-19 B1 Si 64 31789 2018-07-21 2018-07-21 Book

Powered by Koha